| 000 | 00680nam a22001337a 4500 | ||
|---|---|---|---|
| 082 | _a005.8,MAH | ||
| 100 |
_a005.8,MAH _9121331 |
||
| 245 |
_aA Control Framework for Openid / _cMoeen Qaemi Mahmoodzadeh |
||
| 260 |
_aRawalpindi _bMCS (NUST) _cFeb 2012 |
||
| 300 | _aviii,138 p, | ||
| 505 | _aIntroduction (Page-1), Introduction to Openid (Page-8), Openid Weaknesses and Security Requirements (Page-19), Protecting From Openid Phishing (Page-26), Control Framework for Openid (Page-54), Control Framework Measurements (Page-78), Control Framework Audit Considerations (Page-125), Conclusion and Future Work (Page-136). | ||
| 650 |
_aPG Thesis _935000 |
||
| 942 |
_2ddc _cTHE _k005.8,MAH |
||
| 999 |
_c608206 _d608206 |
||